| 000 | 01780cam a2200289 i 4500 | ||
|---|---|---|---|
| 999 |
_c12804 _d12804 |
||
| 003 | OSt | ||
| 005 | 20240626193411.0 | ||
| 008 | 200515s2020 ne ab b 001 0 eng | ||
| 010 | _a 2020502232 | ||
| 020 |
_a9789492095787 _q(softcover) |
||
| 035 | _a(NL-AmEBA)000337406 | ||
| 042 | _apcc | ||
| 082 | _a307.1416 | ||
| 100 | 1 |
_aHajer, Maarten A., _d1962- _eauthor. |
|
| 245 | 1 | 0 |
_aNeighbourhoods for the future : _ba plea for a social and ecological urbanism / _cMaarten Hajer [and four others]. |
| 246 | 3 | _aNeighborhoods for the future | |
| 300 |
_a222 pages : _billustrations (chiefly color), maps ; _c23 cm |
||
| 504 | _aIncludes bibliographical references and index. | ||
| 520 | _a"To provide for ever-growing populations, cities build new neighbourhoods, transform old industrial areas, and renew the existing urban fabric. The focus now is on energy-neutral neighbourhoods, but in order for these to work, residents must be engaged and the tactics embedded within a broader social policy. This book revisits the neighbourhood as the appropriate scale to build our urban futures: it is small enough to be tangible, large enough to make a difference. Introducing the concepts of neighbourhood arrangements and ecologies, it provides a new perspective on the relation between participants, resources, and rules to spark change and realise future sustainable living"--Publisher info. | ||
| 650 | 0 |
_aNeighborhood planning _xEnvironmental aspects. |
|
| 650 | 0 | _aSociology, Urban. | |
| 650 | 0 | _aSustainable urban development. | |
| 650 | 0 |
_aCity planning _xEnvironmental aspects. |
|
| 906 |
_a7 _bcbc _corigres _d3 _encip _f20 _gy-gencatlg |
||
| 942 | _2ddc | ||